[Event "SG Grün-Weiß Dresden-SF Paderborn 2000"]
[Site "DVM U14 in Arendsee"]
[Date "2009.12.27"]
[Round "1.2"]
[White "Schrell, Konrad"]
[Black "Kuckling, Hannah"]
[Result "0-1"]
[WhiteElo "1539"]
[BlackElo "1647"]
[PlyCount "104"]
[EventDate "2009.??.??"]
[WhiteTeam "SG Grün-Weiß Dresden"]
[BlackTeam "SF Paderborn 2000"]

1. e4 {[%emt 0:00:00]} Nf6 2. e5 Nd5 3. c4 Nb6 4. d4 d6 5. exd6 cxd6 6. d5 N8d7
7. Nf3 g6 8. Nc3 Bg7 9. Be3 O-O 10. Be2 Nf6 11. Rc1 Bg4 12. b3 Nbd7 13. h3 Bxf3
14. Bxf3 Qa5 15. O-O Rac8 16. Qd2 Nc5 17. Bh6 Bxh6 18. Qxh6 Nd3 19. Rc2 a6 20.
Qd2 Ne5 21. Be2 Rc7 22. Qe3 Rfc8 23. Rfc1 Qc5 24. Qxc5 Rxc5 25. Na4 R5c7 26.
Nb6 Rd8 27. Re1 Nfd7 28. Nxd7 Nxd7 29. Bg4 Nf6 30. Rce2 Kf8 31. f4 Nxg4 32.
hxg4 Re8 33. f5 Kg7 34. Kf2 g5 35. Kf3 h6 36. Kg3 Kf6 37. Kh3 Kg7 38. Kg3 Kf6
39. Kh3 Rh8 40. Kg3 h5 41. gxh5 Rxh5 42. Kf3 Rh4 43. g4 b5 44. Re4 bxc4 45.
bxc4 Rb7 46. R1e2 Rh3+ 47. Kf2 Rc3 48. R2e3 Rb2+ 49. Re2 Rxe2+ 50. Kxe2 Rc2+
51. Kd3 Rxa2 52. Kc3 Rf2 0-1

[Event "SG Grün-Weiß Dresden-SF Paderborn 2000"]
[Site "DVM U14 in Arendsee"]
[Date "2009.12.27"]
[Round "1.3"]
[White "Kuckling, Jonas"]
[Black "Lang, Sebastian"]
[Result "1-0"]
[WhiteElo "1497"]
[BlackElo "1182"]
[PlyCount "83"]
[EventDate "2009.??.??"]
[WhiteTeam "SF Paderborn 2000"]
[BlackTeam "SG Grün-Weiß Dresden"]

1. d4 {[%emt 0:00:00]} d5 2. c4 c6 3. Nc3 e5 4. e3 dxc4 5. Bxc4 exd4 6. exd4
Nf6 7. Nf3 Bg4 8. O-O Be7 9. Be3 O-O 10. h3 Bxf3 11. Qxf3 Nbd7 12. Rad1 Nb6 13.
Bb3 Nfd5 14. Rfe1 Bf6 15. Bc2 g6 16. Bh6 Bg7 17. Bxg7 Kxg7 18. Bb3 Qd7 19. Re5
Rad8 20. h4 Rfe8 21. Nxd5 Nxd5 22. h5 Rxe5 23. dxe5 Qe6 24. hxg6 hxg6 25. Qe4
Qf5 26. f3 Qg5 27. Bxd5 cxd5 28. Qd4 b6 29. Re1 Kg8 30. e6 fxe6 31. Rxe6 Qc1+
32. Kf2 Qc2+ 33. Re2 Qf5 34. Qe5 Qxe5 35. Rxe5 Kf7 36. Ke3 Re8 37. Rxe8 Kxe8
38. Kd4 Ke7 39. Kxd5 Kd7 40. g3 a6 41. g4 g5 42. Ke5 1-0

[Event "SG Grün-Weiß Dresden-SF Paderborn 2000"]
[Site "DVM U14 in Arendsee"]
[Date "2009.12.27"]
[Round "1.4"]
[White "Lorenz, Wenzel"]
[Black "Gehle, Philipp"]
[Result "0-1"]
[WhiteElo "1128"]
[BlackElo "1379"]
[PlyCount "100"]
[EventDate "2009.??.??"]
[WhiteTeam "SG Grün-Weiß Dresden"]
[BlackTeam "SF Paderborn 2000"]

1. e4 {[%emt 0:00:00]} e5 2. Nf3 Nf6 3. Nc3 Nc6 4. Bb5 d6 5. Bxc6+ bxc6 6. O-O
Bg4 7. d3 Be7 8. Bg5 h6 9. Bh4 Nh7 10. Bxe7 Qxe7 11. h3 Bh5 12. Re1 Ng5 13. Re3
Bxf3 14. Rxf3 Nxf3+ 15. Qxf3 O-O 16. Rd1 Rab8 17. b3 Qe6 18. d4 exd4 19. Rxd4
Qe5 20. Rd3 f5 21. Qe3 fxe4 22. Nxe4 d5 23. Nc5 Qd6 24. c4 Rfe8 25. Qd2 Qxc5
26. cxd5 Red8 27. dxc6 Rxd3 28. Qxd3 Qxc6 29. Qd4 a6 30. Qd2 Qd6 31. Qc2 Rd8
32. Qc4+ Qd5 33. Qxa6 Qd1+ 34. Kh2 Qd6+ 35. Qxd6 cxd6 36. Kg3 d5 37. Kf3 d4 38.
Ke2 d3+ 39. Kd2 Ra8 40. Kxd3 Rxa2 41. b4 Rxf2 42. b5 Rxg2 43. Kc4 Rh2 44. b6
Kf7 45. Kc5 Rxh3 46. b7 Rb3 47. Kc6 h5 48. Kc7 h4 49. b8=Q Rxb8 50. Kxb8 h3 0-1

[Event "SC Reti Heusweiler-SC Eppingen"]
[Site "DVM U14 in Arendsee"]
[Date "2009.12.27"]
[Round "1.1"]
[White "Noe, Christopher"]
[Black "Grewenig, Jan"]
[Result "1-0"]
[WhiteElo "1930"]
[BlackElo "1802"]
[PlyCount "119"]
[EventDate "2009.??.??"]
[WhiteTeam "SC Eppingen"]
[BlackTeam "SC Reti Heusweiler"]

1. e4 {[%emt 0:00:00]} c5 2. c4 Nc6 3. Nc3 g6 4. Nge2 Bg7 5. d3 d6 6. h3 e6 7.
g3 Nge7 8. Bg2 O-O 9. O-O a6 10. Be3 Nd4 11. f4 Rb8 12. Qd2 b5 13. cxb5 Nxb5
14. Nxb5 Rxb5 15. Rab1 Bd7 16. d4 cxd4 17. Nxd4 Rb8 18. Rfd1 d5 19. exd5 Nxd5
20. Bf2 Qf6 21. Nb3 Ba4 22. Bd4 Qf5 23. Bxg7 Bxb3 24. g4 Qxf4 25. Qxf4 Nxf4 26.
Bxf8 Bxd1 27. Bd6 Ne2+ 28. Kf2 Nc3 29. Bxb8 Nxb1 30. Ke3 Bc2 31. Bf1 f5 32. Bd3
Na3 33. Bxa6 Bd1 34. bxa3 fxg4 35. h4 Kf7 36. Kf4 Bf3 37. Bc4 h6 38. Bd6 Kf6
39. Be5+ Ke7 40. Kg3 Bd1 41. Bg7 h5 42. Be5 Bc2 43. Kf4 Kd7 44. Bb5+ Ke7 45. a4
g3 46. Kxg3 Be4 47. Kf4 Bd5 48. a3 Kf7 49. Kg5 Be4 50. a5 Ke7 51. Bc7 e5 52.
Bxe5 Ke6 53. Bc7 Ke7 54. a6 Ke6 55. a4 Ke7 56. a5 Ke6 57. a7 Ke7 58. a6 Kf7 59.
Bd7 Ke7 60. Bc8 1-0

[Event "SC Reti Heusweiler-SC Eppingen"]
[Site "DVM U14 in Arendsee"]
[Date "2009.12.27"]
[Round "1.2"]
[White "Holle, Cedric"]
[Black "Hahn, Cedric"]
[Result "1-0"]
[WhiteElo "1732"]
[BlackElo "1387"]
[PlyCount "115"]
[EventDate "2009.??.??"]
[WhiteTeam "SC Reti Heusweiler"]
[BlackTeam "SC Eppingen"]

1. e4 {[%emt 0:00:00]} e6 2. d4 d5 3. e5 c5 4. c3 Nc6 5. Nf3 Qb6 6. Be2 f6 7.
O-O Bd7 8. dxc5 Bxc5 9. b4 Be7 10. Bf4 fxe5 11. Nxe5 Nxe5 12. Bxe5 Bf6 13. Bd3
Kf7 14. Qf3 Ke7 15. Re1 Bxe5 16. Rxe5 Nf6 17. Nd2 Rac8 18. Bf5 Qd6 19. Rae1 Kf7
20. Bxe6+ Bxe6 21. Rxe6 Qxe6 22. Rxe6 Kxe6 23. Qe3+ Kf5 24. Nf3 Ne4 25. Nd4+
Kg6 26. Ne2 Rhd8 27. f3 Nf6 28. Kf2 a6 29. g4 h6 30. Nf4+ Kh7 31. Qd3+ Kg8 32.
h4 b5 33. g5 hxg5 34. hxg5 Rc4 35. Ne6 Rd6 36. gxf6 Rxe6 37. Qxd5 Rcc6 38. f4
Kf8 39. f7 Rcd6 40. Qb7 Rd2+ 41. Kf3 Rd3+ 42. Kg4 Rxc3 43. Qd7 Rcc6 44. f5 Rc4+
45. Kg5 Ree4 46. Qd1 Kxf7 47. a3 Rcd4 48. Qf3 Rc4 49. Qg3 Re7 50. Qd3 Ree4 51.
Qd5+ Kf8 52. Qd6+ Kg8 53. Qg3 Kf7 54. Qh3 Rg4+ 55. Qxg4 Rxg4+ 56. Kxg4 Kf6 57.
Kf4 Kf7 58. Kg5 1-0

[Event "SC Reti Heusweiler-SC Eppingen"]
[Site "DVM U14 in Arendsee"]
[Date "2009.12.27"]
[Round "1.4"]
[White "Schirra, Felix"]
[Black "Schückler, Jan"]
[Result "1-0"]
[WhiteElo "1370"]
[BlackElo "869"]
[PlyCount "99"]
[EventDate "2009.??.??"]
[WhiteTeam "SC Reti Heusweiler"]
[BlackTeam "SC Eppingen"]

1. e4 {[%emt 0:00:00]} e5 2. Nf3 Nc6 3. d4 exd4 4. c3 dxc3 5. Bc4 Bb4 6. O-O
cxb2 7. Bxb2 f6 8. Qb3 Nh6 9. Nc3 Bxc3 10. Bxc3 b6 11. e5 fxe5 12. Nxe5 Nxe5
13. Bxe5 Bb7 14. Bxg7 Qg5 15. Qe3+ Qxe3 16. fxe3 Rg8 17. Bxg8 Nxg8 18. Rf8+ Ke7
19. Raf1 Rxf8 20. Rxf8 Bd5 21. a3 d6 22. g4 c5 23. h4 c4 24. Rf2 b5 25. g5 a5
26. Bc3 a4 27. Kh2 Ke6 28. h5 Ke7 29. Kg3 Kd7 30. Kg4 Ke7 31. Kf4 Bf7 32. Rh2
h6 33. gxh6 Nxh6 34. Kg5 Bxh5 35. Rxh5 Nf7+ 36. Kf4 Ke6 37. Rxb5 d5 38. Ra5 Nd6
39. Rxa4 Nb5 40. Ra6+ Kd7 41. Bd2 c3 42. Bc1 d4 43. Ra5 Kc6 44. Rxb5 Kxb5 45.
exd4 Kc4 46. Ke5 Kb5 47. Ke6 Kb6 48. d5 Kc7 49. Ke7 Kc8 50. d6 1-0

[Event "SV Balingen-Stader SV"]
[Site "DVM U14 in Arendsee"]
[Date "2009.12.27"]
[Round "1.1"]
[White "Lienau, Henrik"]
[Black "Geiger, Markus"]
[Result "1-0"]
[WhiteElo "1707"]
[BlackElo "1504"]
[PlyCount "137"]
[EventDate "2009.??.??"]
[WhiteTeam "Stader SV"]
[BlackTeam "SV Balingen"]

1. e4 {[%emt 0:00:00]} e5 2. Nf3 Nc6 3. Nc3 Bc5 4. Nxe5 Bxf2+ 5. Kxf2 Nxe5 6.
d4 Ng6 7. Be2 N8e7 8. Rf1 O-O 9. Kg1 d5 10. Bf3 c6 11. Be3 Be6 12. Qe1 Qd7 13.
Na4 b6 14. Nc3 Rae8 15. Qg3 f5 16. exd5 cxd5 17. Be2 f4 18. Bxf4 Nf5 19. Qf2
Nfh4 20. Bb5 Qe7 21. Qg3 Nf5 22. Qd3 Rd8 23. Bd2 Rf7 24. Rae1 Qd6 25. Bg5 Rdf8
26. a3 h6 27. Bd2 Nfh4 28. Rxf7 Rxf7 29. Rf1 Rxf1+ 30. Qxf1 Nf5 31. Bd3 Nge7
32. Ne2 Qd7 33. c3 Nd6 34. Nf4 Bf5 35. Bxf5 Qxf5 36. Nd3 Qxf1+ 37. Kxf1 Kf7 38.
Ke2 Ke6 39. Kf3 Kf6 40. Bf4 Nec8 41. a4 Nc4 42. b3 Na5 43. Be5+ Kf7 44. b4 Nc6
45. Kf4 N6e7 46. Kf3 Kg6 47. Nf4+ Kf7 48. h4 Ng6 49. Nxd5 Nxh4+ 50. Kg3 Ng6 51.
Bb8 Nge7 52. Nxe7 Kxe7 53. Kf4 a6 54. Ke5 Kd7 55. c4 Ne7 56. d5 Ng6+ 57. Ke4
Ne7 58. c5 bxc5 59. bxc5 h5 60. c6+ Kc8 61. Bd6 Ng6 62. Kd4 Nh4 63. g3 Nf5+ 64.
Kc5 g5 65. Be5 h4 66. gxh4 gxh4 67. d6 Ne3 68. d7+ Kd8 69. Bf6+ 1-0

[Event "SV Balingen-Stader SV"]
[Site "DVM U14 in Arendsee"]
[Date "2009.12.27"]
[Round "1.2"]
[White "Gomer, Dieter"]
[Black "Vogt, Marc Jonas"]
[Result "0-1"]
[WhiteElo "1249"]
[BlackElo "1544"]
[PlyCount "54"]
[EventDate "2009.??.??"]
[WhiteTeam "SV Balingen"]
[BlackTeam "Stader SV"]

1. d4 {[%emt 0:00:00]} Nf6 2. c4 e6 3. Nc3 d5 4. Nf3 Nbd7 5. Bf4 Bb4 6. a3
Bxc3+ 7. bxc3 c5 8. cxd5 exd5 9. e3 Qa5 10. Qb3 Ne4 11. Rc1 O-O 12. Be2 cxd4
13. exd4 Re8 14. Qb2 Nb6 15. Ne5 Bf5 16. O-O Rac8 17. c4 f6 18. Nf3 dxc4 19.
Nh4 Nd5 20. Nxf5 Nxf4 21. Bxc4+ Rxc4 22. Rxc4 Qxf5 23. Rc7 Qg4 24. f3 Nh3+ 25.
Kh1 Nef2+ 26. Rxf2 Re1+ 27. Rf1 Rxf1# 0-1

[Event "SV Balingen-Stader SV"]
[Site "DVM U14 in Arendsee"]
[Date "2009.12.27"]
[Round "1.3"]
[White "Schwarz, Nico"]
[Black "Ilitsch, Marc"]
[Result "1-0"]
[WhiteElo "1341"]
[BlackElo "1171"]
[PlyCount "73"]
[EventDate "2009.??.??"]
[WhiteTeam "Stader SV"]
[BlackTeam "SV Balingen"]

1. e4 {[%emt 0:00:00]} e5 2. Nf3 Nc6 3. Bb5 d6 4. O-O Nf6 5. Re1 Be7 6. c3 O-O
7. d4 Bg4 8. Bg5 a6 9. Bxc6 bxc6 10. dxe5 Ne8 11. Bxe7 Qxe7 12. exd6 cxd6 13.
Nbd2 Nf6 14. Qc2 Rab8 15. Re3 Rfe8 16. Rae1 Qb7 17. Nc4 Re7 18. b3 Bxf3 19.
gxf3 Qd7 20. Rd1 d5 21. exd5 Rxe3 22. dxc6 Qxc6 23. Nxe3 Qxf3 24. Qd3 g6 25.
Qxa6 Ra8 26. Qf1 Rxa2 27. Qg2 Qf4 28. Qg3 Qe4 29. c4 Rb2 30. Nd5 Nxd5 31. cxd5
Qc2 32. Rd3 Kf8 33. Qe3 f5 34. d6 Qc6 35. Qe7+ Kg8 36. Qe6+ Kf8 37. Qf6+ 1-0